| 000 | 01149nam a22003017a 4500 | ||
|---|---|---|---|
| 999 |
_c15792 _d15792 |
||
| 003 | EG-ScBUE | ||
| 005 | 20210128143810.0 | ||
| 008 | 110804s1986 ua f 000 0 ara d | ||
| 017 | _a1977/2855 | ||
| 020 | _a9772467208 | ||
| 040 |
_aEG-ScBUE _bara _erda _cEG-ScBUE _dEG-ScBUE |
||
| 043 | _af-ua--- | ||
| 082 | 0 | 4 |
_a892.73509962 _bب د ر _222 |
| 100 | 1 |
_926593 _aبدر، عبد المحسن طه، _eمؤلف. |
|
| 245 | 1 | 0 |
_aتطور الرواية العربية الحديثة في مصر 1780-1938 / _cتأليف الدكتور عبد المحسن طه بدر. |
| 250 |
_aالطبعة الثالثةـ _bمزيدة ومنقحة. |
||
| 264 | 1 |
_aالقاهرة : _bدار المعارف، _c[1986] |
|
| 300 |
_a442 صفحة ؛ _c24 سم. |
||
| 336 |
_2rdacontent _aنص _btxt |
||
| 337 |
_2rdamedia _aبدون وسيط _bn |
||
| 338 |
_2rdacarrier _aمجلد _bnc |
||
| 490 |
_aمكتبة الدراسات الأدبية ؛ _v32 |
||
| 650 | 7 |
_926595 _aالقصة العربية _xتاريخ _zمصر _yالعصر الحديث. _2BUEsh |
|
| 651 | _2BUEsh | ||
| 653 |
_cAugust2011 _bARALIT |
||
| 655 |
_vReading book _934232 |
||
| 942 |
_2ddc _cBB |
||